00653nam a2200253Ia 4500008004100000020001500041100002200056245002900078245002200107260001500129260002000144260000900164300002600173300002600199300001000225500006000235650001600295650002400311650001700335650001300352650001300365650001300378700000800391160803s9999 xx 000 0 und d a043909836X aPolacco, Patricia aThank you, Mr. Falker /  cPatricia Polacco. aNew York : bScholastic Inc. c1998 a1 volume (unpaged) :  bcolor illustration ;  c28 cm aOriginally published: New York : Philomel Books, c1998. aReading --  aSelf-perception --  aTeachers --  xFiction. xFiction. xFiction. a650